01606nam a2200217 a 4500008004100000020001500041041000800056092001600064100002600080245004300106250005200149260003200201300001000233500007500243505071300318590006901031655001801100942001301118999001501131952024201146100617t1998||||ag |||g |||| pa1pj spa d a9879186699 aspa c808l7sBIE1 aBierce, Ambrose93508 aCuentos de soldados /cAmbrose Bierce. a1a ed. bTraducción y prólogo Enrique Elios aBuenos Aires:bNEED;c1998. a93 p. aBierce, A. (1998). Cuentos de soldados. (1a ed.). Buenos Aires : NEED. aAmbrose Bierce, el aventurero, el periodista, el creador de algunos de los relatos fundantes del humor negro, el hombre de los universos fantásticos. Presentamos aqui una colecciones de sus cuentos fundamentales que permitirá al lector atento acercarse al mundo que Bierce nos ofrece. Este escritor fue uno de los primeros excéntricos de la tradición norteamericana que abriría camino para roda la gran narrativa que Estados Unidos daría en este siglo. Como Poe y Melville, Bierce no necesitó al otro lado del Atlántico y supo así rescatar y dar un nuevo tono a su pluma para reflejar en sus ficciones toda la fuerza y contradicción que anidaban en el corazón de esa nación naciente.  aProyecto 4to libro. Donación María Vitarelli, Diciembre 2017 aCuentos92945 2ddccLIT c2648d2648 00102ddc4070aBFMbBFMcCRd2018-02-07eProyecto 4to libro. Donación de María Vitarelli, Diciembre 2017.l0o808 7 BIEp4167r2018-02-07tEj. 1w2018-02-07yLITzProyecto 4to libro. Donación de María Vitarelli, Diciembre 2017.